000 00528nam a2200181Ia 4500
008 090123s9999 xx 000 0 und d
082 _b14782
100 _aमिरासदार द.मा.
245 _aगप्पांगण
250 _a1
260 _bसुवर्ण प्रकाशन
300 _a160
600 _aमिरासदार द.मा.
630 _aगप्पांगण
700 _aमिरासदार द.मा.
730 _aगप्पांगण
942 _cBOOK
999 _c52843
_d52843